LDR 01205nam a2200229 4500 001 000000367522 003 CaOOAMICUS 005 20260429125202.0 008 260429s1989 gw 000 u lat r 040 $aSeMil$bita 245 00$aConcilia /$cedidit Societas Aperiendis fontibus rerum Germanicarum Medii Aevi. 264 1$aHannover :$bHahnsche Buchhandlung,$c1979-1989. 300 $av. ;$c30 cm 650 4$aConcili - Storia - Medioevo - Fonti.$0(OLS)http://semarc/subject/60128 710 2 $aSocietas aperiendis fontibus rerum Germanicarum Medii Aevi.$0(OLS)http://semarc/name/124118 773 0 $tMonumenta Germaniae Historica.$dMünchen : Monumenta Germaniae Historica, 1978-$w()9162 774 0 $t1: Concilia Aevi Merovingici.$dHannover : Hahnsche Buchhandlung, 1989.$z3-7752-5061-1$w()367523 774 0 $t2.1: Concilia Aevi Karolini 1..$dHannover : Hahnsche Buchhandlung, 1979.$z3-7752-5314-9$w()367525 774 0 $t2.2: Concilia Aevi Karolini 1..$dHannover : Hahnsche Buchhandlung, 1979.$z3-7752-5315-7$w()367526 996 $6245$aConcilia$9(OLS)http://semarc/title/459478 996 $6264$aHannover :$bHahnsche Buchhandlung$9(OLS)http://semarc/publisher/32294